| 000 | 00765nam a2200205 a 4500 | ||
|---|---|---|---|
| 001 | 000043938 | ||
| 005 | 20201002045044.0 | ||
| 008 | 140509s1974 sp a 000 0 spa d | ||
| 020 | _a8430611142 | ||
| 040 |
_aDO-SdBNP _bspa _cBNPHU |
||
| 082 |
_axxxx _bxxxx |
||
| 100 | 1 |
_aGómez Pin, Víctor, _d1944- _923634 |
|
| 245 | 1 | 3 |
_aEl drama de la ciudad ideal : _b(mito de la constitución del mundo y nacimiento de Hegel en Platón) / _cVíctor Gómez Pin. |
| 260 |
_aMadrid : _bTaurus, _c1974. |
||
| 300 |
_a102 p. : _bil. ; _c21 cm. |
||
| 490 | 1 |
_aEnsayistas _v114 |
|
| 500 | _aIncluye referencias bibliográficas y notas al pie de las páginas | ||
| 500 | _aIncluye datos biográficos del autor en la solapa de la contracubierta | ||
| 830 | 0 |
_aEnsayistas ; _n114 _971871 |
|
| 999 |
_c43427 _d43427 |
||